Nazionali che hanno segnato più gol agli Europei - Statistics

Statistiche generali
  • Questo quiz è stato fatto 34 volte
  • Il punteggio medio è 14 su 15
Statistiche sulle risposte
Gol Nazionale % Corretto
73 Francia
100%
89 Germania Ovest / Germania
100%
59 Inghilterra
100%
55 Italia
100%
61 Portogallo
100%
83 Spagna
100%
33 Belgio
96%
75 Paesi Bassi
96%
40 Unione Sovietica / Russia
96%
30 Svezia
89%
24 Svizzera
86%
33 Croazia
82%
44 Danimarca
79%
23 Jugoslavia / Serbia
75%
51 Cecoslovacchia / Repubblica Ceca
68%
Nessun quiz corrispondente trovato
Distribuzione punteggi
Percentuale di utenti per punteggio
Percentile per numero di risposta
I tuoi punteggi nel tempo
Non hai fatto questo quiz